000 00444nam a2200181Ia 4500
008 151202s9999||||xx |||||||||||||| ||und||
082 _bPNVM-50352
100 _aमोरे महादेव.
245 _aझळा.
260 _b---
260 _c0
300 _a0
600 _aमोरे महादेव.
630 _aझळा.
700 _aमोरे महादेव.
730 _aझळा.
942 _cBOOK
999 _c1316894
_d1316891